| 000 | 00729nam a22002657a 4500 | ||
|---|---|---|---|
| 001 | 31732 | ||
| 003 | UA-OsUOA | ||
| 005 | 20220206122348.0 | ||
| 007 | ta | ||
| 008 | 20050111b un ||||| |||| 00| 0 ukr d | ||
| 020 | _a966-7999-63-7 | ||
| 040 |
_aUA-OsUOA _bukr _cUA-OsUOA _dUA-OsUOA |
||
| 041 | _aukr | ||
| 044 | _aUA | ||
| 080 | _a324 | ||
| 090 |
_a324 _bВ58 |
||
| 100 | _aВласенко О. | ||
| 245 | _aПолітика "за склом" або таємниці вибочих перегонів | ||
| 260 |
_aКиїв _bЗнання України _c2003 |
||
| 300 | _a96 с. | ||
| 650 | 7 | _2UDC | |
| 942 |
_cBK _2udc |
||
| 955 | _a0 | ||
| 999 |
_c318162 _d318162 |
||